000 00285nam a22001337a 4500
008 170214b xxu||||| |||| 00| 0 eng d
020 _a9780834210714
041 _aeng
080 _a61
100 _a4
101 _aSHM
245 _aMARKETING PUBLIC HEALTH
_cSIEGEL
942 _2udc
_cBK
999 _c5361
_d5361